000 00327nam a22001457a 4500
003 OSt
005 20220218100816.0
008 220218b |||||||| |||| 00| 0 eng d
020 _a020174130x
040 _cHU
082 _a658.84
100 _aNelson
_928572
245 _aBuliding Electronic Commerce
942 _2ddc
_cBOOKS
_n0
999 _c30761
_d30761